Statistics for New Hampshire 4000 footers

Click here to take the quiz!

General Stats

  • This quiz has been taken 112 times
  • The average score is 26 of 48

Answer Stats

HintAnswer% Correct
6288 ftWashington
100%
5774 ftAdams
87%
5712 ftJefferson
87%
5089 ftLincoln
80%
5384 ftMonroe
80%
5367 ftMadison
78%
5247 ftLafayette
72%
4310 ftPierce
68%
4052 ftJackson
67%
4780 ftEisenhower
61%
4802 ftMoosilauke
59%
4340 ftOsceola
59%
4422 ftWildcat
57%
4698 ftBond
56%
4100 ftCannon
56%
4003 ftTecumseh
56%
4265 ftBondcliff
54%
4004 ftIsolation
54%
4832 ftCarter Dome
52%
4180 ftNorth Tripyramid
51%
4761 ftNorth Twin
51%
4902 ftSouth Twin
51%
4170 ftCabot
50%
4156 ftEast Osceola
50%
4500 ftGarfield
50%
4140 ftMiddle Tripyramid
50%
4051 ftTom
50%
4006 ftWaumbek
50%
4260 ftZealand
50%
4540 ftWest Bond
49%
4293 ftNorth Kinsman
48%
4430 ftSouth Carter
48%
4358 ftSouth Kinsman
48%
4285 ftWilley
48%
4328 ftFlume
46%
4054 ftHale
46%
4459 ftLiberty
46%
4049 ftMoriah
46%
4025 ftOwl's Head
46%
4043 ftPassaconaway
46%
4070 ftWildcat D
46%
4340 ftField
45%
4610 ftMiddle Carter
45%
4024 ftGalehead
44%
4420 ftHancock
43%
4020 ftWhiteface
43%
4319 ftSouth Hancock
39%
4700 ftCarrigain
38%

Score Distribution

Percentile by Number Answered

Percent of People with Each Score

Your Score History

You have not taken this quiz